000 00471nam a22001457a 4500
003 macl
005 20180417125352.0
008 180417b xxu||||| |||| 00| 0 eng d
040 _cmacl
100 _aनन्‍दकिशोर आचार्य
_948183
245 _aकेवल एक पत्‍ती ने
260 _aबीकानेर
_bवाग्‍देवी प्रकाशन
_c2016
650 _aकविता
_972081
942 _2ddc
_cHIN
999 _c57763
_d57763